Hey Brother - Avicii Feat. Dan Tyminski - All Lyrics - Statistics

General Stats
  • This quiz has been taken 389 times
  • The average score is 160 of 194
Answer Stats
Answer % Correct
(Ah)
100%
brother
100%
brother,
100%
Hey,
100%
sister
98%
sister,
98%
I
97%
Oh,
97%
do
95%
Do
95%
the
95%
you
95%
There’s
91%
an
89%
in
89%
nothin'
86%
this
86%
world
86%
for
85%
down,
84%
sky
83%
fallin'
82%
wouldn't
81%
still
80%
to
80%
believe
78%
if
78%
is
75%
wonder
75%
What
73%
endless
72%
it
72%
comes
71%
rediscover
71%
love?
70%
all?
68%
road
66%
will
66%
but
64%
from
64%
lose
63%
blood
62%
home?
62%
hear
61%
thicker
61%
far
59%
I'm
57%
another?
56%
one
56%
call
54%
Know
50%
water's
50%
help
48%
sweet,
37%
out
35%
No matching quizzes found
Score Distribution
Percent of People with Each Score
Percentile by Number Answered
Your Score History
You have not taken this quiz